000 01036nam a22003257a 4500
001 BR2023000695
003 BR-BrBNA
005 20240411123900.0
008 230614b bl.||||| |||| 00| 0 por d
020 _a85-86920-01-0
040 _aBR-BrBNA
_bpor
041 _apor
072 _aB50 ; C30 ; U30
090 _aB50 BR2023000695
100 _aDias, José Luciano de Mattos
110 _aInstituto Nacional de Metrologia, Normalização e Qualidade Industrial, Rio de Janeiro, RJ (Brazil)
245 _aMedida, normalização e qualidade: aspectos da história da metrologia no Brasil
260 _aBrasília, DF (Brazil)
_c1998
300 _a256 p.
500 _aBibliography p.229-233 (123 ref.); Summary (por); 80 illus.; 11 tables; 3 graphs
650 _aMETROLOGIA
650 _aINSTRUMENTO DE MEDIDA
650 _aHISTÓRIA
650 _aDOCUMENTAÇÃO
650 _aMÉTODO DE PESQUISA
650 _aAPARELHO DE LABORATÓRIO
650 _aLEGISLAÇÃO
909 _a202306
_bFernando
942 _cBK
999 _c9370
_d9370